[Event "Samara Polugaevsky Memorial 8th"]
[Site "Samara"]
[Date "2018.07.18"]
[Round "9"]
[White "Lugovskoy, Maxim"]
[Black "Karpenko, Artem"]
[Result "1-0"]
[WhiteElo "2391"]
[BlackElo "2383"]
[PlyCount "113"]
[EventDate "2018.07.10"]
[EventType "swiss"]
[EventRounds "9"]
[EventCountry "RUS"]
[SourceTitle "CBM 185 Extra"]
[Source "ChessBase"]
[SourceDate "2018.07.29"]
[SourceVersion "1"]
[SourceVersionDate "2018.07.29"]
[SourceQuality "1"]

1. d4 d5 2. Nc3 Nf6 3. Bf4 a6 4. Nf3 e6 5. e3 c5 6. Bd3 b5 7. dxc5 Bxc5 8. Qe2 b4 9. Nb1 Bb7 10. Nbd2 Qb6 11. 0-0 Nbd7 12. Ne5 0-0 13. Ndf3 Nxe5 14. Nxe5 Bd6 15. Bg3 Qc7 16. f4 Rfc8 17. Nf3 Qb6 18. Bh4 Bxf4 19. Nd4 Be5 20. Bxf6 gxf6 21. Qg4+ Kf8 22. Qh4 Ke7 23. Rf2 Rf8 24. a3 Kd7 25. axb4 Qxb4 26. c3 Qb6 27. Kh1 f5 28. Ra3 Qd8 29. Qh5 Bd6 30. Rb3 Rb8 31. c4 Qa5 32. Rc3 dxc4 33. Bxc4 Be4 34. Rc1 Rbc8 35. b3 Qe5 36. Rd1 Ke7 37. Ne2 Rcd8 38. Ng3 Bc7 39. Rdf1 Bb7 40. Be2 Ke8 41. Qh4 Rd7 42. Nh5 f6 43. Bc4 Re7 44. Nf4 Rg8 45. Bxe6 Rg5 46. Bc4 Qxe3 47. Nd5 Bxd5 48. Bxd5 Bb6 49. Rc2 Qd4 50. Bc6+ Kf8 51. Qh6+ Rgg7 52. Bf3 Kg8 53. Rc8+ Bd8 54. Qc1 Qb6 55. Qc6 Qa5 56. Qd5+ Qxd5 57. Bxd5+ 1-0

[Event "Voronezh op-A 22nd"]
[Site "Voronezh"]
[Date "2018.06.21"]
[Round "9"]
[White "Potapov, Pavel"]
[Black "Karpenko, Artem"]
[Result "1/2-1/2"]
[WhiteElo "2491"]
[BlackElo "2374"]
[PlyCount "108"]
[EventDate "2018.06.12"]
[EventType "swiss"]
[EventRounds "9"]
[EventCountry "RUS"]
[SourceTitle "CBM 185 Extra"]
[Source "ChessBase"]
[SourceDate "2018.07.29"]
[SourceVersion "1"]
[SourceVersionDate "2018.07.29"]
[SourceQuality "1"]

1. e4 e6 2. d4 d5 3. Bd3 dxe4 4. Bxe4 Nf6 5. Bf3 c5 6. Ne2 Nc6 7. Be3 cxd4 8. Nxd4 Ne5 9. Nc3 a6 10. Qe2 Nxf3+ 11. Nxf3 Be7 12. Bd4 b5 13. 0-0-0 Qc7 14. Bxf6 gxf6 15. Rd4 Bb7 16. Rhd1 Rd8 17. Rxd8+ Bxd8 18. Kb1 Be7 19. Rd3 Qc6 20. a3 Rg8 21. g3 Kf8 22. h4 Qc7 23. Qd2 Rg4 24. Nd4 Qb6 25. Nce2 Kg8 26. f3 Rg7 27. g4 Kh8 28. Nf4 Rg8 29. Nh5 Qc5 30. Nb3 Qg1+ 31. Ka2 Bd5 32. Rxd5 exd5 33. Qxd5 Qb6 34. Qxf7 Qd6 35. c3 Bd8 36. Nd4 Qe7 37. Qd5 Re8 38. Nc6 Qf8 39. Kb3 Qg8 40. Qxg8+ Kxg8 41. Nxd8 Rxd8 42. Nxf6+ Kg7 43. Nh5+ Kf7 44. Ng3 Rd3 45. Ne4 h6 46. f4 Rf3 47. Nd6+ Kg8 48. g5 h5 49. Ne8 Kf7 50. Nf6 Kg6 51. Nd5 Rh3 52. Ne7+ Kf7 53. Nf5 Kg6 54. Ne7+ Kf7 1/2-1/2

[Event "Voronezh op-A 22nd"]
[Site "Voronezh"]
[Date "2018.06.19"]
[Round "7"]
[White "Mammadzada, Gunay Vuqar Qizi"]
[Black "Karpenko, Artem"]
[Result "0-1"]
[WhiteElo "2442"]
[BlackElo "2374"]
[PlyCount "66"]
[EventDate "2018.06.12"]
[EventType "swiss"]
[EventRounds "9"]
[EventCountry "RUS"]
[SourceTitle "CBM 185 Extra"]
[Source "ChessBase"]
[SourceDate "2018.07.29"]
[SourceVersion "1"]
[SourceVersionDate "2018.07.29"]
[SourceQuality "1"]

1. e4 e6 2. d4 d5 3. Nd2 Be7 4. Bd3 c5 5. dxc5 Nf6 6. Qe2 0-0 7. Ngf3 a5 8. c3 Na6 9. e5 Nd7 10. h4 Qc7 11. Nb3 a4 12. Nbd4 Naxc5 13. Bc2 b6 14. Bg5 f6 15. Bf4 fxe5 16. Nb5 Qd8 17. Bxe5 Nxe5 18. Nxe5 Bf6 19. Qh5 h6 20. f4 Ne4 21. Bxe4 Bxe5 22. Qxe5 dxe4 23. Qxe4 Ba6 24. Nd4 a3 25. b3 Qc7 26. Kd2 Rac8 27. Qe3 Rxf4 28. Rac1 e5 29. g3 Rf6 30. Ne2 Rd8+ 31. Ke1 Qc6 32. Rh2 Rf3 33. Qg1 Qd5 0-1

[Event "Voronezh op-A 22nd"]
[Site "Voronezh"]
[Date "2018.06.16"]
[Round "5"]
[White "Maiorov, Nikita"]
[Black "Karpenko, Artem"]
[Result "1-0"]
[WhiteElo "2533"]
[BlackElo "2374"]
[PlyCount "63"]
[EventDate "2018.06.12"]
[EventType "swiss"]
[EventRounds "9"]
[EventCountry "RUS"]
[SourceTitle "CBM 185 Extra"]
[Source "ChessBase"]
[SourceDate "2018.07.29"]
[SourceVersion "1"]
[SourceVersionDate "2018.07.29"]
[SourceQuality "1"]

1. d4 Nf6 2. c4 e6 3. Nc3 Bb4 4. Qc2 b6 5. e4 c5 6. d5 Qe7 7. Nge2 exd5 8. exd5 Qe4 9. Qb3 Bxc3+ 10. Qxc3 Ba6 11. b3 0-0 12. Bb2 b5 13. f3 Qe7 14. Kf2 bxc4 15. bxc4 d6 16. Ng3 Bc8 17. Bd3 Na6 18. Rae1 Qd8 19. a3 Rb8 20. Ba1 Nc7 21. Bc2 Nfe8 22. h4 Bd7 23. Qd3 f5 24. Nh5 Rf7 25. g4 Kf8 26. g5 Re7 27. Nf4 Bc8 28. Rxe7 Qxe7 29. Re1 Qf7 30. h5 Qg8 31. g6 Nf6 32. Qe2 1-0

[Event "Voronezh op-A 22nd"]
[Site "Voronezh"]
[Date "2018.06.15"]
[Round "4"]
[White "Karpenko, Artem"]
[Black "Volovich, Vasily"]
[Result "1-0"]
[WhiteElo "2374"]
[BlackElo "2244"]
[PlyCount "83"]
[EventDate "2018.06.12"]
[EventType "swiss"]
[EventRounds "9"]
[EventCountry "RUS"]
[SourceTitle "CBM 185 Extra"]
[Source "ChessBase"]
[SourceDate "2018.07.29"]
[SourceVersion "1"]
[SourceVersionDate "2018.07.29"]
[SourceQuality "1"]

1. d4 e6 2. c4 f5 3. g3 Nf6 4. Bg2 Be7 5. Nh3 0-0 6. 0-0 d6 7. Nc3 e5 8. dxe5 dxe5 9. Qxd8 Bxd8 10. e4 c6 11. Bd2 Na6 12. Ng5 Nc5 13. exf5 Bxf5 14. b4 Nd3 15. Nce4 Be7 16. Rab1 h6 17. Nxf6+ gxf6 18. Ne4 Kg7 19. a4 Rfd8 20. Bc3 Be6 21. Nd2 Rab8 22. Rfd1 Kf7 23. Bf1 Rd7 24. Be2 Rbd8 25. c5 a5 26. b5 Nxc5 27. Bxa5 Ra8 28. bxc6 bxc6 29. Nc4 Rxd1+ 30. Rxd1 Nxa4 31. Bd2 Kg7 32. Rb1 Nc5 33. Be3 Ra2 34. Bf1 Rc2 35. Na5 Nd7 36. Bd3 Rc3 37. Be4 c5 38. Nc6 Bf8 39. Rb7 Rb3 40. Nd8 Kg8 41. Nxe6 Rxb7 42. Bxb7 1-0

[Event "Voronezh op-A 22nd"]
[Site "Voronezh"]
[Date "2018.06.12"]
[Round "1"]
[White "Kyshtymov, Daniil"]
[Black "Karpenko, Artem"]
[Result "0-1"]
[WhiteElo "2032"]
[BlackElo "2374"]
[PlyCount "80"]
[EventDate "2018.06.12"]
[EventType "swiss"]
[EventRounds "9"]
[EventCountry "RUS"]
[SourceTitle "CBM 185 Extra"]
[Source "ChessBase"]
[SourceDate "2018.07.29"]
[SourceVersion "1"]
[SourceVersionDate "2018.07.29"]
[SourceQuality "1"]

1. e4 c6 2. d4 d5 3. Nc3 dxe4 4. Nxe4 Nf6 5. Nxf6+ gxf6 6. Nf3 Bg4 7. Be2 Qc7 8. Be3 e6 9. Qd2 Bd6 10. 0-0-0 Nd7 11. Kb1 0-0-0 12. c4 c5 13. dxc5 Nxc5 14. Nd4 Bxe2 15. Nb5 Bd3+ 16. Ka1 Qb8 17. Qc3 a6 18. Nxd6+ Qxd6 19. Bxc5 Qxc5 20. Rxd3 Rxd3 21. Qxd3 Qxf2 22. Rd1 Qxg2 23. Qd7+ Kb8 24. Qxf7 Qf3 25. Rc1 e5 26. a3 Rc8 27. Qxh7 Rc7 28. Qg8+ Rc8 29. Qg3 Qe4 30. h3 Qd4 31. Qg4 e4 32. Qe6 Rc6 33. Qf7 Ka7 34. Rc3 Rb6 35. c5 Rb5 36. c6 Qd2 37. Qa2 e3 38. Qb1 Qxc3 39. bxc3 Rxb1+ 40. Kxb1 e2 0-1

[Event "Moscow op-A 14th"]
[Site "Moscow"]
[Date "2018.01.31"]
[Round "5"]
[White "Karpenko, Artem"]
[Black "Boruchovsky, Avital"]
[Result "0-1"]
[WhiteElo "2370"]
[BlackElo "2542"]
[PlyCount "90"]
[EventDate "2018.01.27"]
[EventType "swiss"]
[EventRounds "9"]
[EventCountry "RUS"]
[SourceTitle "CBM 182 Extra"]
[Source "ChessBase"]
[SourceDate "2018.02.23"]
[SourceVersion "1"]
[SourceVersionDate "2018.02.23"]
[SourceQuality "1"]

1. e4 c5 2. Nc3 a6 3. g3 b5 4. Bg2 Nc6 5. d3 b4 6. Nce2 e5 7. f4 Nf6 8. Nf3 d6 9. 0-0 Be7 10. h3 h6 11. Be3 Bd7 12. Qe1 Qc8 13. g4 Qc7 14. a3 bxa3 15. Rxa3 Nd4 16. Qd2 Nxe2+ 17. Qxe2 exf4 18. Bxf4 0-0 19. Nd2 Be6 20. Rfa1 Nd7 21. c3 Qb6 22. Nf1 Ne5 23. Ne3 Rfb8 24. b3 Bf6 25. Nc4 Bxc4 26. bxc4 a5 27. Bf1 Bg5 28. Bxe5 dxe5 29. Qc2 Ra6 30. Be2 Qf6 31. Rf1 Bf4 32. Bd1 Qh4 33. Qg2 Rf6 34. Bf3 Rfb6 35. Ra2 a4 36. Bd1 a3 37. Rxa3 Rb2 38. Bc2 R8b6 39. Raa1 Rxc2 40. Qxc2 Qxh3 41. Qg2 Be3+ 42. Rf2 Bxf2+ 43. Qxf2 Qxg4+ 44. Qg2 Qh5 45. Kf1 Rg6 0-1

[Event "Moscow op-A 14th"]
[Site "Moscow"]
[Date "2018.01.30"]
[Round "4"]
[White "Karpenko, Artem"]
[Black "Kukelko, Alexey"]
[Result "1-0"]
[WhiteElo "2370"]
[BlackElo "2189"]
[PlyCount "73"]
[EventDate "2018.01.27"]
[EventType "swiss"]
[EventRounds "9"]
[EventCountry "RUS"]
[SourceTitle "CBM 182 Extra"]
[Source "ChessBase"]
[SourceDate "2018.02.23"]
[SourceVersion "1"]
[SourceVersionDate "2018.02.23"]
[SourceQuality "1"]

1. e4 c5 2. Nc3 e6 3. g3 Nc6 4. Bg2 g6 5. d3 Bg7 6. Be3 d6 7. Qd2 Nd4 8. Nd1 Ne7 9. c3 Ndc6 10. Bh6 0-0 11. h4 Bxh6 12. Qxh6 f6 13. Qd2 b5 14. Ne2 Rb8 15. Ne3 b4 16. f4 d5 17. exd5 exd5 18. d4 bxc3 19. bxc3 c4 20. g4 Kh8 21. 0-0 Qd6 22. Ng3 Bd7 23. Rac1 a5 24. Qf2 a4 25. Qf3 Na5 26. Rf2 a3 27. f5 Rb2 28. fxg6 Nxg6 29. Ngf5 Bxf5 30. Nxf5 Rxf2 31. Nxd6 Rxf3 32. Bxf3 Rb8 33. Re1 Nf4 34. Kh2 Nd3 35. Re7 Nc1 36. Ra7 Nxa2 37. Rxa5 1-0

[Event "Moscow op-A 14th"]
[Site "Moscow"]
[Date "2018.01.28"]
[Round "2"]
[White "Karpenko, Artem"]
[Black "Sorokin, Aleksey"]
[Result "1/2-1/2"]
[WhiteElo "2370"]
[BlackElo "2511"]
[PlyCount "80"]
[EventDate "2018.01.27"]
[EventType "swiss"]
[EventRounds "9"]
[EventCountry "RUS"]
[SourceTitle "CBM 182 Extra"]
[Source "ChessBase"]
[SourceDate "2018.02.23"]
[SourceVersion "1"]
[SourceVersionDate "2018.02.23"]
[SourceQuality "1"]

1. Nf3 d5 2. d4 Nf6 3. c4 e6 4. g3 Bb4+ 5. Nbd2 dxc4 6. Qc2 b5 7. a4 c6 8. Bg2 Bb7 9. 0-0 Nbd7 10. b3 c3 11. Nb1 bxa4 12. Rxa4 c5 13. Nxc3 a5 14. dxc5 Nxc5 15. Ra1 Rc8 16. Na2 Bd5 17. Nxb4 axb4 18. Qb2 0-0 19. Bd2 Nxb3 20. Bxb4 Nxa1 21. Bxf8 Nc2 22. Bb4 Ne4 23. Rc1 Nxb4 24. Rxc8 Qxc8 25. Qxb4 h6 26. Ne1 Nc3 27. Bxd5 exd5 28. Qb2 d4 29. Nf3 Qc4 30. Kf1 d3 31. exd3 Qxd3+ 32. Kg2 Ne4 33. Qd4 Qe2 34. Ng1 Qc2 35. Nf3 Qc6 36. Qd8+ Kh7 37. Qd3 f5 38. Ne5 Qc5 39. Ng4 Qc6 40. f3 Nd6 1/2-1/2

[Event "Chigorin Memorial 25th"]
[Site "St Petersburg"]
[Date "2017.10.24"]
[Round "4"]
[White "Karpenko, Artem"]
[Black "Golubov, Saveliy"]
[Result "0-1"]
[WhiteElo "2362"]
[BlackElo "2501"]
[PlyCount "84"]
[EventDate "2017.10.21"]
[EventType "swiss"]
[EventRounds "9"]
[EventCountry "RUS"]
[SourceTitle "CBM 181 Extra"]
[Source "ChessBase"]
[SourceDate "2017.12.12"]
[SourceVersion "1"]
[SourceVersionDate "2017.12.12"]
[SourceQuality "1"]

1. Nf3 c5 2. g3 Nc6 3. d4 cxd4 4. Nxd4 Qb6 5. Nb3 Nf6 6. Bg2 g6 7. 0-0 Bg7 8. a4 0-0 9. a5 Qc7 10. Nc3 d6 11. Bg5 Be6 12. a6 bxa6 13. Rxa6 Nb4 14. Ra3 Rab8 15. Nd4 Bd7 16. Qd2 e5 17. Nb3 Be6 18. Rfa1 a6 19. Bxf6 Bxf6 20. Ne4 Be7 21. c3 Nd5 22. Qd1 Qb6 23. Nbd2 Nc7 24. c4 Qxb2 25. Nc3 Qb6 26. Nd5 Bxd5 27. cxd5 f5 28. Nc4 Qc5 29. Ra4 f4 30. e3 Nb5 31. Rc1 fxe3 32. fxe3 Bg5 33. Qe1 Rbc8 34. Raa1 Nd4 35. Qd1 Bxe3+ 36. Kh1 Bxc1 37. Rxc1 Qb4 38. Ne3 Qb3 39. Qd2 Rxc1+ 40. Qxc1 Ne2 41. Qd2 Qb1+ 42. Nd1 Nc3 0-1

[Event "Wch U16"]
[Site "Montevideo"]
[Date "2017.09.23"]
[Round "8"]
[White "Karpenko, Artem"]
[Black "Agibileg, Uurtsaikh"]
[Result "0-1"]
[WhiteElo "2377"]
[BlackElo "2133"]
[PlyCount "122"]
[EventDate "2017.09.17"]
[EventType "swiss"]
[EventRounds "11"]
[EventCountry "URU"]
[SourceTitle "CBM 180 Extra"]
[Source "ChessBase"]
[SourceDate "2017.10.06"]
[SourceVersion "1"]
[SourceVersionDate "2017.10.06"]
[SourceQuality "1"]

1. d4 Nf6 2. c4 g6 3. Nc3 Bg7 4. e4 d6 5. h3 0-0 6. Be3 e5 7. d5 Na6 8. Nf3 Nc5 9. Nd2 a5 10. g4 Bd7 11. Be2 c6 12. g5 Ne8 13. Qc2 cxd5 14. Nxd5 Nc7 15. Bxc5 dxc5 16. Nxc7 Qxc7 17. 0-0-0 Be6 18. h4 a4 19. Nb1 b5 20. cxb5 Bxa2 21. Bc4 Bb3 22. Bxb3 axb3 23. Qxb3 c4 24. Qc2 Rfb8 25. Rd5 Bf8 26. Qd2 c3 27. bxc3 Ra1 28. Qd3 Rba8 29. Rd1 R8a2 30. Rd2 Qa5 31. Rxa2 Qxa2 32. Rd8 Kg7 33. Rxf8 Qa3+ 34. Kc2 Ra2+ 35. Kd1 Qxf8 36. Qd5 Rxf2 37. Qxe5+ f6 38. gxf6+ Qxf6 39. Qxf6+ Kxf6 40. Nd2 Ke5 41. Ke1 Rf4 42. Ke2 Kd6 43. Ke3 Rxh4 44. Kd4 Rh1 45. Nc4+ Ke6 46. b6 Rb1 47. Kc5 Rb3 48. Na5 Rb1 49. Nc6 Kd7 50. e5 h5 51. Nd4 h4 52. e6+ Ke7 53. Nb5 Rf1 54. b7 Rf8 55. Nd4 h3 56. Nf3 g5 57. Nh2 Kxe6 58. Kc6 Kf5 59. Kc7 g4 60. c4 g3 61. Nf3 h2 0-1

[Event "Wch U16"]
[Site "Montevideo"]
[Date "2017.09.20"]
[Round "5"]
[White "Villca, Julian"]
[Black "Karpenko, Artem"]
[Result "1/2-1/2"]
[WhiteElo "2196"]
[BlackElo "2377"]
[PlyCount "80"]
[EventDate "2017.09.17"]
[EventType "swiss"]
[EventRounds "11"]
[EventCountry "URU"]
[SourceTitle "CBM 180 Extra"]
[Source "ChessBase"]
[SourceDate "2017.10.06"]
[SourceVersion "1"]
[SourceVersionDate "2017.10.06"]
[SourceQuality "1"]

1. c4 c6 2. d4 d5 3. Nc3 dxc4 4. a4 e5 5. dxe5 Qxd1+ 6. Nxd1 Nd7 7. f4 Nc5 8. Nc3 Bf5 9. e4 Nxe4 10. Bxc4 Nh6 11. Nf3 Bc5 12. Ke2 0-0-0 13. Be3 Bxe3 14. Kxe3 Ng4+ 15. Ke2 Nef2 16. Rhf1 Nd3 17. Nh4 Nxb2 18. Nxf5 Nxc4 19. Ne4 g6 20. Nfd6+ Nxd6 21. Nxd6+ Rxd6 22. exd6 Re8+ 23. Kd2 Nf6 24. Rae1 Ne4+ 25. Kc2 f5 26. Rf3 Kd7 27. Rd3 b6 28. h3 h5 29. g4 hxg4 30. hxg4 fxg4 31. a5 bxa5 32. Rde3 Nxd6 33. Rxe8 Nxe8 34. Re5 Nf6 35. Rxa5 Nd5 36. Rxa7+ Ke6 37. Kd3 Nxf4+ 38. Ke4 g5 39. Rg7 Kf6 40. Rc7 g3 1/2-1/2

[Event "Wch U16"]
[Site "Montevideo"]
[Date "2017.09.19"]
[Round "4"]
[White "Karpenko, Artem"]
[Black "Stoleriu, George"]
[Result "0-1"]
[WhiteElo "2377"]
[BlackElo "2315"]
[PlyCount "82"]
[EventDate "2017.09.17"]
[EventType "swiss"]
[EventRounds "11"]
[EventCountry "URU"]
[SourceTitle "CBM 180 Extra"]
[Source "ChessBase"]
[SourceDate "2017.10.06"]
[SourceVersion "1"]
[SourceVersionDate "2017.10.06"]
[SourceQuality "1"]

1. d4 e6 2. g3 b5 3. Bg2 d5 4. e4 Bb7 5. e5 c5 6. Nf3 Nc6 7. 0-0 Qb6 8. dxc5 Bxc5 9. Nbd2 b4 10. Nb3 Ba6 11. Nxc5 Bxf1 12. Bxf1 Qxc5 13. Be3 Qa5 14. Ng5 Nge7 15. Qh5 Ng6 16. f4 Nce7 17. Bd3 a6 18. g4 Qc7 19. Kf1 Qd7 20. Bd4 Nc6 21. Bc5 0-0-0 22. Bxa6+ Kb8 23. a3 b3 24. cxb3 Ka8 25. b4 Nb8 26. Bd3 Rc8 27. b3 Qb7 28. Qh3 Nd7 29. Bd4 Ndf8 30. Qe3 h6 31. Nf3 Ne7 32. b5 h5 33. h3 hxg4 34. hxg4 Nfg6 35. Rc1 Rh3 36. Rxc8+ Qxc8 37. Kf2 Nh4 38. Be2 Qc2 39. Ne1 Rh2+ 40. Kf1 Rh1+ 41. Kf2 Rxe1 0-1

[Event "Wch U16"]
[Site "Montevideo"]
[Date "2017.09.17"]
[Round "1"]
[White "Lopez, Gonzalo"]
[Black "Karpenko, Artem"]
[Result "0-1"]
[WhiteElo "1961"]
[BlackElo "2377"]
[PlyCount "40"]
[EventDate "2017.09.17"]
[EventType "swiss"]
[EventRounds "11"]
[EventCountry "URU"]
[SourceTitle "CBM 180 Extra"]
[Source "ChessBase"]
[SourceDate "2017.10.06"]
[SourceVersion "1"]
[SourceVersionDate "2017.10.06"]
[SourceQuality "1"]

1. d4 Nf6 2. c4 e6 3. Nf3 b6 4. g3 Bb7 5. Bg2 Be7 6. 0-0 c5 7. dxc5 bxc5 8. Nc3 0-0 9. Qc2 d6 10. Rd1 a6 11. e4 Qc7 12. Bf4 Nc6 13. e5 Nxe5 14. Nxe5 Bxg2 15. Nxf7 Bb7 16. Ng5 Qc6 17. f3 h6 18. Nxe6 Qxf3 19. Nd5 Nxd5 20. Qg6 Qg2+ 0-1

[Event "Samara Polugaevsky Memorial 7th"]
[Site "Samara"]
[Date "2017.07.11"]
[Round "4"]
[White "Karpenko, Artem"]
[Black "Pshmahov, Osman"]
[Result "1-0"]
[WhiteElo "2386"]
[BlackElo "2075"]
[PlyCount "87"]
[EventDate "2017.07.08"]
[EventType "swiss"]
[EventRounds "9"]
[EventCountry "RUS"]
[SourceTitle "EXT 2018"]
[Source "ChessBase"]
[SourceDate "2017.10.13"]
[SourceVersion "1"]
[SourceVersionDate "2017.10.13"]
[SourceQuality "1"]

1. e4 e6 2. d3 d5 3. Nd2 c5 4. Ngf3 g6 5. g3 Bg7 6. Bg2 Ne7 7. 0-0 0-0 8. Re1 Nbc6 9. h4 e5 10. c3 d4 11. c4 a6 12. Nb3 Qd6 13. Bd2 Bg4 14. Qc2 Bd7 15. Rf1 f5 16. exf5 gxf5 17. Rae1 h6 18. Bc1 Rae8 19. a3 Nd8 20. Qe2 Nf7 21. Nh2 Bc6 22. Bxc6 Qxc6 23. Nd2 Nd6 24. f3 b5 25. b3 bxc4 26. bxc4 Qb7 27. Qg2 f4 28. gxf4 exf4 29. Ne4 Nxe4 30. fxe4 Kh7 31. Rxf4 Rxf4 32. Bxf4 Ng6 33. Bg3 Qb3 34. h5 Nh8 35. Qf3 Rf8 36. Qd1 Qxa3 37. e5 Nf7 38. Nf3 Re8 39. Qe2 Qa4 40. Qe4+ Kg8 41. Qd5 Re7 42. e6 Nh8 43. Bh4 Re8 44. Rf1 1-0

[Event "Voronezh op-A 21st"]
[Site "Voronezh"]
[Date "2017.06.20"]
[Round "8"]
[White "Karpenko, Artem"]
[Black "Shtyka, Sergey"]
[Result "1-0"]
[WhiteElo "2404"]
[BlackElo "2281"]
[PlyCount "153"]
[EventDate "2017.06.12"]
[EventType "swiss"]
[EventRounds "9"]
[EventCountry "RUS"]
[SourceTitle "EXT 2018"]
[Source "ChessBase"]
[SourceDate "2017.10.13"]
[SourceVersion "1"]
[SourceVersionDate "2017.10.13"]
[SourceQuality "1"]

1. d4 c5 2. d5 g6 3. c4 Bg7 4. Nc3 d6 5. e4 Nf6 6. h3 0-0 7. Nf3 Na6 8. Bd3 Nc7 9. 0-0 Rb8 10. a4 b6 11. Bg5 a6 12. Re1 Nd7 13. Qd2 f6 14. Be3 Ne5 15. Nxe5 fxe5 16. Rab1 a5 17. Be2 Ne8 18. Bg4 Nf6 19. Bxc8 Qxc8 20. Rf1 Nh5 21. Ne2 Qd7 22. b3 Rf7 23. Kh2 Nf4 24. Ng1 g5 25. Qd1 Rbf8 26. g3 h5 27. f3 Ng6 28. Bxg5 h4 29. Bxh4 Nxh4 30. gxh4 Bh6 31. Rb2 Bf4+ 32. Kh1 Rg7 33. Rff2 Bg3 34. Rg2 Rf4 35. Rxg3 Rxg3 36. Kh2 Rg6 37. Qe1 Qe8 38. Rg2 Rff6 39. Rxg6+ Rxg6 40. Qe3 Kh7 41. Ne2 Qg8 42. Qf2 Qf7 43. Qe3 Qg7 44. Qf2 Qh6 45. f4 exf4 46. Nxf4 Rf6 47. Kg3 Qg7+ 48. Kh2 Rf8 49. Qg3 Qb2+ 50. Ng2 Rg8 51. Qf3 Qe5+ 52. Nf4 Kh6 53. Qe3 Rg7 54. Kh1 Kh7 55. Ne2 Kg8 56. Qf3 Qa1+ 57. Kh2 Qd1 58. Qh5 Qf1 59. Qe8+ Qf8 60. Qxf8+ Kxf8 61. Ng3 Kf7 62. Nf5 Rg6 63. h5 Rg5 64. h6 Kf6 65. h4 Rg8 66. Kh3 Re8 67. Kg4 Rg8+ 68. Kf4 Rh8 69. Ke3 Ke5 70. Kf3 Kf6 71. Kf4 Rh7 72. h5 Rh8 73. Ne3 e5+ 74. dxe6 Kxe6 75. Nf5 Rg8 76. Nh4 Kf6 77. Ng6 1-0

[Event "Moscow op-A 13th"]
[Site "Moscow"]
[Date "2017.02.04"]
[Round "8"]
[White "Karpenko, Artem"]
[Black "Martynyuk, Elizaveta"]
[Result "1-0"]
[WhiteElo "2352"]
[BlackElo "2171"]
[PlyCount "59"]
[EventDate "2017.01.28"]
[EventType "swiss"]
[EventRounds "9"]
[EventCountry "RUS"]
[SourceTitle "EXT 2018"]
[Source "ChessBase"]
[SourceDate "2017.10.13"]
[SourceVersion "1"]
[SourceVersionDate "2017.10.13"]
[SourceQuality "1"]

1. e4 c5 2. Nf3 Nc6 3. Bb5 d6 4. 0-0 Bd7 5. Re1 Nf6 6. h3 a6 7. Bf1 b5 8. a4 b4 9. c3 e6 10. d4 bxc3 11. bxc3 cxd4 12. cxd4 d5 13. e5 Ne4 14. Nbd2 Nxd2 15. Bxd2 Be7 16. Bd3 0-0 17. Be3 h6 18. Bb1 f5 19. exf6 Bxf6 20. Qd3 Ne7 21. Qh7+ Kf7 22. Bxh6 Qa5 23. Ng5+ Ke8 24. Bg6+ Kd8 25. Bxg7 Bxg7 26. Qxg7 Nxg6 27. Qxg6 Qd2 28. Nxe6+ Bxe6 29. Qxe6 Qxf2+ 30. Kh1 1-0

[Event "Moscow op-A 13th"]
[Site "Moscow"]
[Date "2017.02.03"]
[Round "7"]
[White "Gusain, Himal"]
[Black "Karpenko, Artem"]
[Result "1-0"]
[WhiteElo "2453"]
[BlackElo "2352"]
[PlyCount "85"]
[EventDate "2017.01.28"]
[EventType "swiss"]
[EventRounds "9"]
[EventCountry "RUS"]
[SourceTitle "EXT 2018"]
[Source "ChessBase"]
[SourceDate "2017.10.13"]
[SourceVersion "1"]
[SourceVersionDate "2017.10.13"]
[SourceQuality "1"]

1. e4 e5 2. Nf3 Nc6 3. d4 exd4 4. Nxd4 Bc5 5. Nxc6 Qf6 6. Qf3 bxc6 7. Nd2 d6 8. Nb3 Bb6 9. a4 a5 10. Bd2 Qxf3 11. gxf3 Ne7 12. Rg1 0-0 13. Be3 Bxe3 14. fxe3 f5 15. Bc4+ Kh8 16. e5 f4 17. e4 d5 18. exd5 cxd5 19. Bd3 Nc6 20. Rg5 Nd8 21. 0-0-0 Ne6 22. Rgg1 Bb7 23. Bf1 Rfe8 24. Bh3 Nf8 25. Nc5 Bc6 26. e6 Ng6 27. Rd4 Rf8 28. c3 Ne5 29. Bg2 Rae8 30. b3 g5 31. Re1 Ng6 32. Bh3 Re7 33. b4 Nh4 34. Bg4 Be8 35. Rxd5 h5 36. Rxg5 hxg4 37. Rxg4 Nxf3 38. Re4 Bh5 39. Rexf4 Rd8 40. Rg3 axb4 41. Rf5 Rh7 42. e7 Rg8 43. Rxh5 1-0

[Event "Moscow op-A 13th"]
[Site "Moscow"]
[Date "2017.01.29"]
[Round "2"]
[White "Karpenko, Artem"]
[Black "Pogosyan, Stefan"]
[Result "1-0"]
[WhiteElo "2352"]
[BlackElo "2076"]
[PlyCount "140"]
[EventDate "2017.01.28"]
[EventType "swiss"]
[EventRounds "9"]
[EventCountry "RUS"]
[SourceTitle "EXT 2018"]
[Source "ChessBase"]
[SourceDate "2017.10.13"]
[SourceVersion "1"]
[SourceVersionDate "2017.10.13"]
[SourceQuality "1"]

1. d4 Nf6 2. c4 c5 3. d5 b5 4. cxb5 a6 5. e3 axb5 6. Bxb5 Bb7 7. Nc3 Na6 8. Nf3 g6 9. e4 Nc7 10. Bc4 d6 11. Qb3 Rb8 12. e5 Nd7 13. exd6 exd6 14. Nb5 Nxb5 15. Bxb5 Bg7 16. Bg5 f6 17. Be3 0-0 18. 0-0 Kh8 19. Qd3 f5 20. Ng5 Ne5 21. Qd2 Bc8 22. a4 Qf6 23. Bf4 Rd8 24. Rfe1 h6 25. Rxe5 dxe5 26. Bxe5 Qxg5 27. Qxg5 hxg5 28. Bxb8 Bb7 29. Bc7 Rxd5 30. Rb1 Bxb2 31. Rxb2 Rd1+ 32. Bf1 Ba6 33. Be5+ Kh7 34. Rb5 Bxb5 35. axb5 Rb1 36. f4 c4 37. Kf2 Rxb5 38. Bxc4 Rb4 39. Be2 gxf4 40. Bf6 Kg8 41. Bg5 Re4 42. Bf1 Kf7 43. Kf3 Rb4 44. Bxf4 Kf6 45. h4 Rb3+ 46. Kf2 Rb4 47. Ke3 Ke6 48. Bd3 Kf6 49. g3 Ra4 50. Bc2 Rc4 51. Kd3 Re4 52. Kc3 Re8 53. Bb3 Re4 54. Bd5 Ra4 55. Bc4 Ra8 56. Kd4 Re8 57. Bd5 Re1 58. Kc5 Re2 59. Kd6 Kg7 60. Be6 Kf6 61. Bg5+ Kg7 62. Ke7 Rg2 63. Bf6+ Kh6 64. Be5 Re2 65. Kf6 Re4 66. Bf4+ Kh5 67. Bf7 Rxf4 68. gxf4 Kxh4 69. Bxg6 Kg4 70. Ke5 Kf3 1-0

[Event "Saratov Region-ch"]
[Site "Saratov"]
[Date "2016.12.17"]
[Round "3"]
[White "Kavyev, Ruslan"]
[Black "Karpenko, Artem"]
[Result "0-1"]
[WhiteElo "2111"]
[BlackElo "2352"]
[PlyCount "80"]
[EventDate "2016.12.15"]
[EventType "swiss"]
[EventRounds "9"]
[EventCountry "RUS"]
[SourceTitle "EXT 2018"]
[Source "ChessBase"]
[SourceDate "2017.10.13"]
[SourceVersion "1"]
[SourceVersionDate "2017.10.13"]
[SourceQuality "1"]

1. d4 d5 2. c4 e6 3. g3 c6 4. Bg2 Nf6 5. Nf3 Bb4+ 6. Nbd2 0-0 7. 0-0 b6 8. Qc2 Ba6 9. b3 Nbd7 10. Rd1 c5 11. Bb2 Rc8 12. Rac1 cxd4 13. Nxd4 b5 14. e4 bxc4 15. bxc4 Bxd2 16. Qxd2 Bxc4 17. exd5 Bxd5 18. Nc6 Rxc6 19. Rxc6 Bxg2 20. Rd6 Qa8 21. Bxf6 Bh3 22. f3 Nxf6 23. Rd8 Qc6 24. Rxf8+ Kxf8 25. Qb4+ Kg8 26. Rd8+ Ne8 27. Kf2 h6 28. Qe7 Qc2+ 29. Ke3 Qc1+ 30. Ke4 Qc2+ 31. Kd4 Qb2+ 32. Kc5 Qc3+ 33. Kb5 Bf1+ 34. Ka4 Qc2+ 35. Ka3 Qc3+ 36. Ka4 Qc6+ 37. Kb4 Bb5 38. Qxa7 Qc4+ 39. Ka5 Bc6 40. Qb8 Qa4+ 0-1